000 00869nam0a22002771 4500
001 v19\rc\1761146
005 20250619064552.0
035 _a(NLR Aleph) 004861665
090 _a5016912
_c5016912
100 _a20061204d1903 |||y0rusy50 ca
101 0 _arus
102 _aRU
105 _aa z |||||
200 1 _aКраткое руководство к антропометрии
_eСост. применительно к системе Бертильона К. П-ым
210 _aМосква
_cт-во скоропеч. А.А. Левенсон
_d1903
215 _a50 с.
_cил.
_d20
702 1 _aП-в
_bК.
_4220
801 0 _aRU
_bNLR
_gpsbo
801 0 _aRU
_bRuMoRGB
_2psbo
801 1 _aRU
_bProSoft-M
_2rusmarc
852 _aNLR
_j34.48.6.3
899 _aRuMoRGB
_jF 102/208
899 _aRuMoRGB
_jU 39/718
899 _aБАН
942 _cBOOK
980 _aNB